| 000 | 00625nam a2200229 a 4500 | ||
|---|---|---|---|
| 005 | 20240925064548.0 | ||
| 008 | 010517s1995 es r 000 0 spa d | ||
| 020 | _a8437607396 | ||
| 035 | _aUPN01000106301 | ||
| 040 |
_aUPN _bspa _cUPN |
||
| 049 | _aCG | ||
| 050 | 4 |
_aBC177 _bP4.68 |
|
| 245 | 0 | 3 |
_aEl pensamiento débil / _ced. Gianni Vattimo ; tr. de Luis de Santiago. |
| 260 |
_aMadrid : _bCátedra, _c1995. |
||
| 300 | _a363 p. | ||
| 440 | 0 |
_aTeorema. _pSerie menor |
|
| 650 | 4 |
_aRazonamiento _93600 |
|
| 650 | 4 |
_a _943748 |
|
| 700 | 1 |
_aVattimo, Gianni, _d1936- _eed. _929489 |
|
| 905 | _aLibro | ||
| 942 |
_2lcc _cLIBRO |
||
| 999 |
_c80214 _d80214 |
||